000 00484cam a22002051 4500
001 sa 65009688
003 DLC
005 20260227112203.0
008 900201s1965 ii 000 1 pano
010 _asa 65009688
035 _a(OCoLC)20986090
040 _aDLC
_cWaU
_dDLC
042 _apremarc
050 0 0 _aPK2658
_b.I5
245 0 0 _aInāmī kahāṇīāṃ.
260 _c[1965]
300 _a207 p.
_c19 cm.
500 _aIn Panjabi.
650 0 _aShort stories, Panjabi.
999 _c66355
_d66355